000 006890000a22002170004500
020 _a0-85111-235-8
041 0 _aENG
082 0 4 _aG 251 S8885p (PR)
100 1 _aStott, John R. W.
245 1 0 _aThe prearcher's portrait : Some New Testament word studies / John Stott
260 _aLeicester : InterVarsity
300 _a111 Pag
500 _aColección profesor Manuel Reaño 1 ej.
505 0 0 _aPredicaciones: Autoridad -- Proclamación del evangelio -- Experiencia y humildad -- Poder y motivación
650 1 4 _aSERMONES
001 12794
942 _cBK
999 _c41815
_d41815
336 _atexto
_btxt
_2rdacontent
337 _2rdamedia
_asin mediación
_bn
338 _2rdacarrier
_avolumen
_bnc